| 000 | 00595nam a22001937a 4500 | ||
|---|---|---|---|
| 999 |
_c9699 _d9699 |
||
| 003 | AR-CdUCM | ||
| 008 | 190328b ||||| |||| 00| 0 spa d | ||
| 040 |
_aMUNICIPALIDAD PROVINCIAL DEL CUSCO _cBIBLIOTECA MUNICIPAL DEL CUSCO |
||
| 082 |
_a361.8 / _bG22 / 1947 |
||
| 100 |
_aGarcía y García, Elvira _926075 |
||
| 245 | _aEspíritu de Cooperación / | ||
| 260 |
_aLima : _bEtinsa ; _c1947. |
||
| 300 |
_a288 páginas ; _c21cm |
||
| 505 | _aContenido: El deber de cooperación | ||
| 650 |
_aCooperativismo _97805 |
||
| 650 |
_aServicio Social _910207 |
||
| 942 |
_2ddc _cLIBROS |
||
| 945 | _anom | ||